Construction equipment and management (Record no. 79768)

MARC details
000 -LEADER
fixed length control field 00772nam a2200157 a 4500
008 - FIXED-LENGTH DATA ELEMENTS--GENERAL INFORMATION
fixed length control field 120416s1988 xx |||||||||||||| || u
050 ## - LIBRARY OF CONGRESS CALL NUMBER
Classification number TH 900 Sha
100 ## - MAIN ENTRY--PERSONAL NAME
Personal name Sharma, S. C
245 10 - TITLE STATEMENT
Title Construction equipment and management
260 ## - PUBLICATION, DISTRIBUTION, ETC.
Place of publication, distribution, etc.
Name of publisher, distributor, etc. Khanna Publishers
Date of publication, distribution, etc. 1988
300 ## - PHYSICAL DESCRIPTION
Extent vi, 580p. : ill
350 ## -
-- 0.00
995 ## -
-- BINDERY (DAMAGED)
-- 0.00
-- 724393
-- CBU-MAIN LIBRARY (Kitwe)
-- 4
-- 35.00
-- TH 900 Sha
-- 1
-- DAMAGED
-- 016110
-- Main Library Open Access Collection
995 ## -
-- BINDERY (DAMAGED)
-- 0.00
-- 725167
-- CBU-MAIN LIBRARY (Kitwe)
-- 2
-- 35.00
-- TH 900 Sha
-- 2
-- DAMAGED
-- 016131
-- Main Library Open Access Collection
995 ## -
-- BINDERY (DAMAGED)
-- 0.00
-- 724394
-- CBU-MAIN LIBRARY (Kitwe)
-- 1
-- 35.00
-- TH 900 Sha
-- 3
-- DAMAGED
-- 016132
-- Main Library Open Access Collection
999 ## -
-- 79768
-- 79768
Holdings
Withdrawn status Lost status Source of classification or shelving scheme Damaged status Not for loan Permanent Location Current Location Shelving location Date acquired Total Checkouts Full call number Barcode Date last seen Copy number Price effective from Koha item type
          CBU-MAIN LIBRARY, KITWE. CBU-MAIN LIBRARY, KITWE.   06/29/2023   TH 900 Sha 016110 06/29/2023 1 06/29/2023 MONOGRAPH
          CBU-MAIN LIBRARY, KITWE. CBU-MAIN LIBRARY, KITWE.   06/29/2023   TH 900 Sha 016131 06/29/2023 2 06/29/2023 MONOGRAPH
          CBU-MAIN LIBRARY, KITWE. CBU-MAIN LIBRARY, KITWE.   06/29/2023   TH 900 Sha 016132 06/29/2023 3 06/29/2023 MONOGRAPH